MARC

LEADER 00000nam0a2200000 4500
001 141362
005 20231031142418.0
035 |a (RuTPU)RU\TPU\book\153212 
090 |a 141362 
100 |a 20080811d1962 k y0rusy50 ca 
101 0 |a rus 
102 |a RU 
105 |a y dm 001zy 
200 1 |a Горелые породы в строительстве Западной Сибири (генезис, свойства, применение)  |e автореферат диссертации на соискание ученой степени доктора технических наук  |f Г. И. Книгина  |g Московский инженерно-строительный институт 
210 |a Москва  |c Изд-во МИСИ  |d 1962 
215 |a 29 с. 
320 |a Библиогр.: с. 28-29 (16 назв.). 
610 1 |a строительство 
610 1 |a Западная Сибирь 
610 1 |a горелые породы 
610 1 |a применение 
610 1 |a использование 
610 1 |a Кузбасс 
610 1 |a генезис 
610 1 |a угленосные породы 
610 1 |a химико-минералогический состав 
610 1 |a гидравлическая активность 
610 1 |a твердение 
610 1 |a новообразования 
610 1 |a реакции 
610 1 |a кинетика 
610 1 |a заполнители 
610 1 |a физико-механические свойства 
610 1 |a бетоны 
610 1 |a строительные материалы 
610 1 |a производство 
610 1 |a авторефераты диссертаций 
675 |a 624.91.4/5  |v 3 
700 1 |a Книгина  |b Г. И.  |g Галина Ивановна 
712 0 2 |a Московский инженерно-строительный институт  |2 stltpush  |3 (RuTPU)RU\TPU\col\7908 
801 1 |a RU  |b 63413507  |c 20080811  |g PSBO 
801 2 |a RU  |b 63413507  |c 20160507  |g PSBO 
942 |c BK